Comedies / (Record no. 121700)

MARC details
000 -LEADER
campo de control de longitud fija 00554nam a2200169 4500
001 - NÚMERO DE CONTROL
campo de control 121700
003 - IDENTIFICADOR DE NÚMERO DE CONTROL
campo de control ES-MaACL
005 - FECHA Y HORA DE LA ÚLTIMA TRANSACCIÓN
campo de control 20230906191814.0
007 - CAMPO FIJO DE DESCRIPCIÓN FÍSICA--INFORMACIÓN GENERAL
campo de control de longitud fija t|
008 - DATOS DE LONGITUD FIJA--INFORMACIÓN GENERAL
campo de control de longitud fija 070214s1956 sp r ||||1| cat d
100 1# - ENTRADA PRINCIPAL--NOMBRE DE PERSONA
Nombre de persona Plauto, Tito Maccio.
9 (RLIN) 92613
245 10 - MENCIÓN DEL TÍTULO
Título Comedies /
Mención de responsabilidad, etc. Plaute ; text revisat i traducció de Marçal Olivar.
Número de parte o sección de la obra , . IV,
Nombre de parte o sección de la obra La Comedia del Cistellet el corc.
260 ## - PUBLICACIÓN, DISTRIBUCIÓN, ETC.
Lugar de publicación, distribución, etc. Barcelona :
Nombre del editor, distribuidor, etc. Fundació Bernat Metge,
Fecha de publicación, distribución, etc. 1956.
300 ## - DESCRIPCIÓN FÍSICA
Extensión 1 v. ;
Dimensiones 21 cm.
740 0# - ENTRADA AGREGADA--TÍTULO RELACIONADO/ANALÍTICO NO CONTROLADO
Título relacionado o analítico no controlado La Comedia del Cistellet el corc.
852 ## - LOCALIZACIÓN
Ubicación ES-MaACL
Número de control de estantería C-20082
Sublocalización o colección R.47349
Holdings
Estatus retirado Estado de pérdida Estado de daño No para préstamo Biblioteca de origen Biblioteca actual Ubicación en estantería Fecha de adquisición Fuente de adquisición Total de préstamos Signatura topográfica completa Código de barras Visto por última vez Precio de reemplazo Tipo de ítem Koha
        Biblioteca del Ateneo de Madrid Biblioteca del Ateneo de Madrid Galería 17/01/2008     C-20082 1126825 23/02/2023 23/02/2023 Libro impreso